书目信息 |
| 题名: |
工程材料及其成形技术基础学习指导与习题详解
|
|
| 作者: | 申荣华 主编 | |
| 分册: | ||
| 出版信息: | 北京 北京大学出版社 2009.03 |
|
| 页数: | 184页 | |
| 开本: | 26cm | |
| 丛书名: | ||
| 单 册: | ||
| 中图分类: | TB3 | |
| 科图分类: | ||
| 主题词: | 工程材料--gong cheng cai liao--成形--高等学校--教学参考资料 | |
| 电子资源: | ||
| ISBN: | 978-7-301-14972-0 | |
| 000 | 00997nam0 2200253 450 | |
| 001 | 012009215558 | |
| 005 | 20090428184058.49 | |
| 010 | @a978-7-301-14972-0@dCNY20.00 | |
| 100 | @a20090428d2009 em y0chi0120 ea | |
| 101 | 0 | @achi |
| 102 | @aCN@b110000 | |
| 105 | @aa a 000yy | |
| 106 | @ar | |
| 200 | 1 | @a工程材料及其成形技术基础学习指导与习题详解@Agong cheng cai liao ji qi cheng xing ji shu ji chu xue xi zhi dao yu xi ti xiang jie@f申荣华主编@Fzhu bian shen rong hua |
| 210 | @a北京@c北京大学出版社@d2009.03 | |
| 215 | @a184页@c图@d26cm | |
| 300 | @a全国本科院校机械类创新型规划教材 | |
| 320 | @a有书目 | |
| 330 | @a本书是《工程材料及其成形技术基础》的配套用书,内容包括《工程材料及其成形技术基础》教材的内容提要与学习重点、课堂讨论指导、练习题、自测题及参考答案和实验指导。 | |
| 606 | 0 | @a工程材料@Agong cheng cai liao@x成形@x高等学校@j教学参考资料 |
| 690 | @aTB3@v4 | |
| 701 | 0 | @a申荣华@Ashen rong hua@4主编 |
| 801 | 0 | @aCN@bQSSK@c20090428 |
| 905 | @b738083-85@dTB3@eS368@f3 | |
| 工程材料及其成形技术基础学习指导与习题详解/申荣华主编.-北京:北京大学出版社,2009.03 |
| 184页:图;26cm |
| 全国本科院校机械类创新型规划教材 |
| ISBN 978-7-301-14972-0:CNY20.00 |
| 本书是《工程材料及其成形技术基础》的配套用书,内容包括《工程材料及其成形技术基础》教材的内容提要与学习重点、课堂讨论指导、练习题、自测题及参考答案和实验指导。 |
| ● |
| 相关链接 |
|
|
|
正题名:工程材料及其成形技术基础学习指导与习题详
索取号:TB3/S368
 
预约/预借
| 序号 | 登录号 | 条形码 | 馆藏地/架位号 | 状态 | 备注 |
| 1 | 738083 | 207380831 | 自科库501/501自科库 8排4列5层/ [索取号:TB3/S368] | 在馆 | |
| 2 | 738084 | 207380840 | 自科库501/501自科库 8排4列5层/ [索取号:TB3/S368] | 在馆 | |
| 3 | 738085 | 207380859 | 自科库501/501自科库 8排4列5层/ [索取号:TB3/S368] | 在馆 |